000 00314nam a2200145Ia 4500
003 SGT
005 20260530124914.0
082 _a616.1
_bR06B
100 _aBHARGAVA,SATISH
245 _aRADIOLOGICAL PROCIDURES
250 _a1ST
260 _bPEEPEE
_aDELHI
_c2006
650 _aRADIOLOGY & DIAGNOSIS
942 _2ddc
_cBK
999 _c662
_d662